[Event "Police Gniota Memorial 24th"]
[Site "Police"]
[Date "2009.07.15"]
[Round "8"]
[White "Gosciniak, Maria"]
[Black "Tokarczyk, Tomasz"]
[Result "1-0"]
[WhiteElo "2165"]
[BlackElo "2153"]
[PlyCount "135"]
[EventDate "2009.07.08"]
[EventType "swiss"]
[EventRounds "9"]
[EventCountry "POL"]
[SourceTitle "CBM 131 Extra"]
[Source "ChessBase"]
[SourceDate "2009.09.03"]
[SourceVersion "2"]
[SourceVersionDate "2009.09.16"]
[SourceQuality "1"]

1. e4 c5 2. Nf3 e6 3. d4 cxd4 4. Nxd4 a6 5. Bd3 Nf6 6. 0-0 Qc7 7. Nc3 b5 8. a4 b4 9. Na2 Bb7 10. Qe2 d5 11. e5 Ne4 12. Bf4 Nd7 13. Kh1 Qb6 14. Nb3 Be7 15. Be3 Qc7 16. f4 0-0 17. a5 Rfc8 18. Qe1 Rcb8 19. Nac1 Ndc5 20. Nd4 g6 21. Qe2 Bc8 22. Ncb3 Bd7 23. Rfc1 Rc8 24. Nxc5 Nxc5 25. Bd2 Qb7 26. h3 Rab8 27. Nb3 Nxd3 28. cxd3 Rxc1+ 29. Bxc1 Rc8 30. Be3 Bb5 31. Qd2 Rc6 32. Bb6 Rc8 33. Rc1 Rxc1+ 34. Nxc1 Qc6 35. Nb3 Ba4 36. Nd4 Qc8 37. b3 Bd7 38. Qc2 Qe8 39. Qc7 Bh4 40. Kg1 Bb5 41. Qc2 Be1 42. Ne2 Kg7 43. Kf1 Bh4 44. g3 Be7 45. Nd4 Qd7 46. Ke2 h5 47. Qc7 Bf8 48. Qxd7 Bxd7 49. h4 f6 50. Nc2 fxe5 51. fxe5 Kf7 52. Ke3 Bb5 53. Kd4 Be7 54. Bc5 Bxd3 55. Nxb4 Bb5 56. Bxe7 Kxe7 57. Kc5 Kd7 58. Nc2 Bd3 59. Nd4 Bf1 60. b4 Bd3 61. Nf3 Bf5 62. b5 axb5 63. Kxb5 Bd3+ 64. Kb6 Kc8 65. Nd4 Bf5 66. a6 Kb8 67. a7+ Ka8 68. Nb5 1-0

[Event "Police Gniota Memorial 24th"]
[Site "Police"]
[Date "2009.07.14"]
[Round "7"]
[White "Krysztofiak, Marcin"]
[Black "Tokarczyk, Tomasz"]
[Result "1-0"]
[WhiteElo "2427"]
[BlackElo "2153"]
[PlyCount "83"]
[EventDate "2009.07.08"]
[EventType "swiss"]
[EventRounds "9"]
[EventCountry "POL"]
[SourceTitle "CBM 131 Extra"]
[Source "ChessBase"]
[SourceDate "2009.09.03"]
[SourceVersion "2"]
[SourceVersionDate "2009.09.16"]
[SourceQuality "1"]

1. Nf3 d5 2. c4 dxc4 3. Qa4+ Nd7 4. g3 e6 5. Bg2 Ngf6 6. 0-0 a6 7. Qxc4 c5 8. Qc2 b5 9. a4 Bb7 10. axb5 axb5 11. Rxa8 Qxa8 12. Na3 Qb8 13. d3 Be7 14. Bf4 e5 15. Nxe5 Bxg2 16. Nf3 Qb7 17. Kxg2 Nd5 18. Bd2 Ne5 19. e4 Nxf3 20. Kxf3 Nc7 21. Be3 Ne6 22. Qb3 0-0 23. Qxb5 Qxb5 24. Nxb5 Rb8 25. Nc3 Rxb2 26. Rb1 Rb4 27. Ra1 Rb8 28. Nd5 Bd6 29. Ra6 Rd8 30. Rc6 g6 31. Nf6+ Kh8 32. Kg2 Be5 33. Nd5 Bd4 34. Bxd4+ cxd4 35. Rc4 Kg7 36. Nc7 Kf6 37. f4 h5 38. Nxe6 fxe6 39. e5+ Kf5 40. Rc7 Rf8 41. Re7 h4 42. Kf3 1-0

[Event "Police Gniota Memorial 24th"]
[Site "Police"]
[Date "2009.07.09"]
[Round "2"]
[White "Tokarczyk, Tomasz"]
[Black "Czuchnicki, Adam"]
[Result "1/2-1/2"]
[WhiteElo "2153"]
[BlackElo "2085"]
[PlyCount "106"]
[EventDate "2009.07.08"]
[EventType "swiss"]
[EventRounds "9"]
[EventCountry "POL"]
[SourceTitle "CBM 131 Extra"]
[Source "ChessBase"]
[SourceDate "2009.09.03"]
[SourceVersion "2"]
[SourceVersionDate "2009.09.16"]
[SourceQuality "1"]

1. e4 c5 2. Nf3 d6 3. d4 cxd4 4. Nxd4 Nf6 5. Nc3 a6 6. Bc4 e6 7. Bb3 b5 8. Bg5 Be7 9. Qf3 Qc7 10. e5 Bb7 11. exd6 Bxd6 12. Qe3 0-0 13. Bxf6 gxf6 14. Nce2 Nd7 15. 0-0-0 Nc5 16. Qh6 Nxb3+ 17. axb3 Rfc8 18. Rd3 Be4 19. Rc3 Qa5 20. Kb1 Rxc3 21. Nxc3 Bg6 22. h4 Qc7 23. Qe3 Bf4 24. Qf3 Rd8 25. h5 Rxd4 26. hxg6 fxg6 27. Qa8+ Qd8 28. Qxa6 b4 29. Qxe6+ Kg7 30. Ne2 Rd1+ 31. Rxd1 Qxd1+ 32. Ka2 Be5 33. Qc4 Qf1 34. f4 Bd6 35. g3 Qf3 36. c3 Qb7 37. Qd3 Bc5 38. Qc4 Bd6 39. Qd3 Bc5 40. Qc4 Bd6 41. Kb1 h5 42. Qe6 Qe7 43. Qxe7+ Bxe7 44. Kc2 g5 45. fxg5 fxg5 46. Kd3 Kf6 47. Ke4 h4 48. gxh4 gxh4 49. Nf4 Bd6 50. Nd5+ Ke6 51. Nf4+ Kf6 52. Nd5+ Ke6 53. Nf4+ Kf6 1/2-1/2

[Event "Police Gniota Memorial 24th"]
[Site "Police"]
[Date "2009.07.08"]
[Round "1"]
[White "Kalinitschew, Sergey"]
[Black "Tokarczyk, Tomasz"]
[Result "1-0"]
[WhiteElo "2482"]
[BlackElo "2153"]
[PlyCount "71"]
[EventDate "2009.07.08"]
[EventType "swiss"]
[EventRounds "9"]
[EventCountry "POL"]
[SourceTitle "CBM 131 Extra"]
[Source "ChessBase"]
[SourceDate "2009.09.03"]
[SourceVersion "2"]
[SourceVersionDate "2009.09.16"]
[SourceQuality "1"]

1. d4 d5 2. c4 dxc4 3. e3 Nf6 4. Bxc4 e6 5. Nf3 a6 6. 0-0 b5 7. Bd3 c5 8. a4 b4 9. dxc5 Bxc5 10. Qe2 Nbd7 11. e4 Bb7 12. Nbd2 Qb8 13. Nc4 Ng4 14. h3 Nge5 15. Nfxe5 Nxe5 16. Bf4 f6 17. Nxe5 fxe5 18. Qh5+ g6 19. Qxe5 Qxe5 20. Bxe5 Rf8 21. Rac1 Rd8 22. Rxc5 Rxd3 23. f3 Rf7 24. Rc4 b3 25. Rfc1 g5 26. Rc7 Rfd7 27. Rxd7 Rxd7 28. Rc3 h5 29. Rxb3 g4 30. hxg4 hxg4 31. Kf2 Kf7 32. Rc3 gxf3 33. gxf3 Ke8 34. Ke3 Kd8 35. Rc1 Bc8 36. Bf6+ 1-0